00632nam a2200193Ia 4500952012800000999001700128003000400145005001700149008004100166020001800207040000900225082001800234100002900252245005800281250001200339260003600351300000900387942004200396 00102ddc40708GRAaMESbMEScENGd2019-02-20g750.00l0o428.24 WER/Mp40118r2019-02-20 00:00:00w2019-02-20yBKzGR9R2 c30361d30361OSt20201110132055.0190216s9999||||xx |||||||||||||| ||und|| a9780071180221 coclc a428.24bWER/M aWerner, Patricia K96400 0aMosaic 1 Grammar /cPatricia K Werner ; Lou Spaventa a4th Ed. bMc Graw Hill,c2002.aNew York: a452p cBK2ddch428.24iWER/Mk428.24mWER/M